MARC

LEADER 00000nam0a2200000 4500
001 279983
005 20231101235248.0
035 |a (RuTPU)RU\TPU\book\303290 
090 |a 279983 
100 |a 20141224d1983 k y0rusy50 ca 
101 0 |a rus 
102 |a RU 
105 |a a z 001zy 
200 1 |a Магматические и метаморфические породы дна океана и их генезис  |f под ред. О. А. Богатикова 
210 |a Москва  |c Наука  |d 1983 
215 |a 272 с.  |c ил. 
320 |a Библиогр. в конце ст. 
606 1 |a Океаны  |x Геология  |2 stltpush  |3 (RuTPU)RU\TPU\subj\46871  |9 65964 
610 1 |a магматические породы 
610 1 |a метаморфические породы 
610 1 |a генезис 
610 1 |a Мировой Океан 
610 1 |a рудообразование 
610 1 |a литосфера 
610 1 |a геохимические исследования 
610 1 |a магматические породы 
610 1 |a металлогения 
675 |a 551.35  |v 3 
702 1 |a Богатиков  |b О. А.  |4 340 
801 1 |a RU  |b 63413507  |c 20141224 
801 2 |a RU  |b 63413507  |c 20210209  |g RCR 
942 |c BK